书目信息 |
| 题名: |
肿瘤防治与康复·治疗与康复
|
|
| 作者: | 王振国 主编 | |
| 分册: | 下册 | |
| 出版信息: | 海口 南方出版社 2005 |
|
| 页数: | 158页 | |
| 开本: | 20cm | |
| 丛书名: | 肿瘤防治与康复科普丛书 | |
| 单 册: | ||
| 中图分类: | R73-49 | |
| 科图分类: | ||
| 主题词: | 肿瘤学 | |
| 电子资源: | ||
| ISBN: | 7-80660-561-4 | |
| 000 | 00714nam0 2200229 450 | |
| 001 | 0654904179 | |
| 005 | 20060929151833.60 | |
| 010 | @a7-80660-561-4@dCNY26.00(全两册) | |
| 100 | @a20060929d2005 km y0chiy0120 ea | |
| 101 | 0 | @achi |
| 102 | @aCN | |
| 200 | 1 | @a肿瘤防治与康复·治疗与康复@Azhong liu fang zhi yu kang fu·zhi liao yu kang fu@f王振国 主编@h下册@Fwang zhen guo zhu bian |
| 210 | @a海口@c南方出版社@d2005 | |
| 215 | @a158页@d20cm | |
| 225 | 2 | @a肿瘤防治与康复科普丛书 |
| 300 | @a国际癌病康复协会推荐 | |
| 410 | 0 | @12001 @a肿瘤防治与康复科普丛书 |
| 606 | 0 | @a肿瘤学 |
| 690 | @aR73-49@v3 | |
| 701 | 0 | @a王振国@Awang zhen guo@4主编 |
| 801 | 0 | @aCN@bPFT@c20060929 |
| 905 | @a10447@dR73-49@e19:2 | |
| 肿瘤防治与康复·治疗与康复/王振国 主编.下册.-海口:南方出版社,2005 |
| 158页;20cm.-(肿瘤防治与康复科普丛书) |
| 国际癌病康复协会推荐 |
| ISBN 7-80660-561-4:CNY26.00(全两册) |
| ● |
| 相关链接 |
|
|
|
|
正题名:肿瘤防治与康复·治疗与康复
索取号:R73-49/19:2
 
预约/预借
| 序号 | 登录号 | 条形码 | 馆藏地/架位号 | 状态 | 备注 |
| 1 | 0484005 | 204840057 | 密集书库/ [索取号:R73-49/19:2] | 在馆 | |
| 2 | 0484006 | 204840066 | 密集书库/ [索取号:R73-49/19:2] | 在馆 | |
| 3 | 0484007 | 204840075 | 密集书库/ [索取号:R73-49/19:2] | 在馆 |